000 00367 a2200169 4500
001 192521
020 _a978-85-16-06488-4
040 _cMagnum
100 _aJeffers, Oliver
240 1 0 _aComo pegar uma estrela
_lpor
245 1 0 _aComo pegar uma estrela
300 _a30
362 0 _a2010
440 1 _aModerna
697 _aLITERATURA INFANTIL
942 _cBK
999 _c192521
_d192521